[Event "Cto Aragon Equipos 2016 D Honor Gr II"]
[Site "Aragon"]
[Date "2016.02.13"]
[Round "3.32"]
[White "Torcal Miguel, Oscar"]
[Black "Rudolf, Anna"]
[Result "0-1"]
[WhiteElo "1902"]
[BlackElo "2332"]
[PlyCount "80"]
[EventDate "2016.??.??"]
[WhiteTeam "Ibercaja A"]
[BlackTeam "Jaime Casas A"]

1. e4 e6 2. d3 d5 3. Nd2 Nf6 4. Ngf3 Nc6 5. g3 dxe4 6. dxe4 e5 7. Bg2 Bc5 8.
O-O O-O 9. Qe2 b6 10. Nb3 Bd6 11. Bg5 h6 12. Bxf6 Qxf6 13. Qc4 Bb7 14. c3 a5
15. Rfe1 a4 16. Nbd2 Nd8 17. Qd3 Ne6 18. Qc2 Rfd8 19. Nc4 Nc5 20. Rad1 Qe6 21.
Bf1 Bc6 22. b4 axb3 23. axb3 b5 24. Ncd2 Ra3 25. Ra1 Rda8 26. Rxa3 Rxa3 27. c4
b4 28. Nh4 Be7 29. Ng2 Bg5 30. Ne3 Bxe3 31. Rxe3 Qd6 32. Nb1 Ra1 33. Re1 Bxe4
34. Rxe4 Nxe4 35. Qxe4 Qd1 36. Nd2 Qxd2 37. Qf5 Qg5 38. Qc8+ Kh7 39. Kg2 e4 40.
Qe8 Qf5 0-1

[Event "Cto Aragón Eq Play-off Preferente"]
[Site "Aragón"]
[Date "2016.02.13"]
[Round "3.33"]
[White "Palacios Herrero, Pablo"]
[Black "Planas Torrea, Francisco Javie"]
[Result "1-0"]
[WhiteElo "2149"]
[BlackElo "2040"]
[PlyCount "51"]
[EventDate "2016.04.09"]
[WhiteTeam "Palacio de Pioneros A"]
[BlackTeam "Ejea"]

1. e4 c6 2. Nc3 d5 3. Nf3 dxe4 4. Nxe4 Bg4 5. Bc4 e6 6. h3 Bxf3 7. Qxf3 Be7 8.
Qg3 g6 9. d3 Nf6 10. Bh6 Nxe4 11. dxe4 Qd4 12. Rd1 Qxe4+ 13. Be2 Na6 14. Rd2
Rd8 15. Qc3 Rg8 16. O-O Bb4 17. Rxd8+ Kxd8 18. Qf6+ Be7 19. Qxf7 Qxe2 20. Qxg8+
Kd7 21. Qxh7 Qh5 22. Qf7 Qxh6 23. Rd1+ Kc7 24. Qxe7+ Kb6 25. b4 Qh5 26. Rd7 1-0

[Event "Cto Aragón Eq Play-off Preferente"]
[Site "Aragón"]
[Date "2016.02.13"]
[Round "3.34"]
[White "Planas Torrea, Alberto"]
[Black "Romero Pallares, Daniel"]
[Result "0-1"]
[WhiteElo "1967"]
[BlackElo "2135"]
[PlyCount "62"]
[EventDate "2016.04.09"]
[WhiteTeam "Ejea"]
[BlackTeam "Palacio de Pioneros A"]

1. e4 g6 2. d4 Bg7 3. Ne2 d6 4. g3 Nf6 5. Bg2 O-O 6. O-O e5 7. h3 Nc6 8. Be3
Re8 9. Nbc3 exd4 10. Nxd4 Bd7 11. g4 a6 12. a4 Rb8 13. Qd2 b5 14. axb5 axb5 15.
Ndxb5 Ne5 16. Qe2 Nfxg4 17. hxg4 Nxg4 18. Bf4 g5 19. Bg3 h5 20. f3 Ne5 21. Rfd1
h4 22. Be1 g4 23. f4 Ng6 24. Bd2 h3 25. Bh1 g3 26. Bf3 Qh4 27. Nxc7 Bd4+ 28.
Kf1 g2+ 29. Bxg2 hxg2+ 30. Qxg2 Bh3 31. Nxe8 Qf2# 0-1

[Event "Cto Aragón Eq Play-off Preferente"]
[Site "Aragón"]
[Date "2016.02.13"]
[Round "3.35"]
[White "Echarte Buil, Oscar"]
[Black "Merin Flores, Miguel Angel"]
[Result "1-0"]
[WhiteElo "2118"]
[BlackElo "1747"]
[PlyCount "95"]
[EventDate "2016.04.09"]
[WhiteTeam "Palacio de Pioneros A"]
[BlackTeam "Ejea"]

1. c4 Nf6 2. g3 g6 3. Bg2 Bg7 4. Nc3 O-O 5. d3 d6 6. e3 Re8 7. Nge2 e5 8. O-O
c6 9. b4 Bg4 10. h3 Be6 11. Bb2 Nbd7 12. Rc1 Nf8 13. Qd2 Qd7 14. Kh2 Rad8 15.
Rfd1 d5 16. cxd5 cxd5 17. d4 e4 18. a4 g5 19. Nb5 Rc8 20. Nxa7 Rxc1 21. Rxc1
Qxa4 22. Ra1 Qd7 23. Nc3 h5 24. Rc1 Ng6 25. Ncb5 Rb8 26. Nc7 Bf5 27. b5 Bf8 28.
b6 Bd6 29. Nab5 h4 30. Nxd6 hxg3+ 31. fxg3 Qxd6 32. Qf2 Bd7 33. Rf1 Kg7 34. Ba3
Qxb6 35. Nxd5 Nxd5 36. Qxf7+ Kh6 37. Qxd5 Bc6 38. Qf7 Qd8 39. Rf6 Qg8 40. Qc7
Rd8 41. Qe5 Re8 42. Qf5 Ra8 43. Bd6 Rd8 44. h4 Rxd6 45. Qxg5+ Kh7 46. Qh5+ Kg7
47. Qxg6+ Kh8 48. Qh6+ 1-0

[Event "Cto Aragón Eq Play-off Preferente"]
[Site "Aragón"]
[Date "2016.02.13"]
[Round "3.36"]
[White "Galvez Longas, Isaac"]
[Black "Baquedano Coarasa, Pablo"]
[Result "1/2-1/2"]
[WhiteElo "1715"]
[BlackElo "2031"]
[PlyCount "83"]
[EventDate "2016.04.09"]
[WhiteTeam "Ejea"]
[BlackTeam "Palacio de Pioneros A"]

1. c4 e5 2. Nc3 Nc6 3. Nf3 f5 4. d3 d6 5. e4 Nf6 6. Bg5 h6 7. Bxf6 Qxf6 8. Nd5
Qf7 9. Be2 Be6 10. Nh4 O-O-O 11. Bh5 Qd7 12. exf5 Bxd5 13. cxd5 Nd4 14. Ng6 Rg8
15. Bg4 Kb8 16. O-O Qf7 17. Nh4 Be7 18. Bh5 Qxd5 19. Bf3 Qf7 20. Bh5 Qf6 21. g3
Nxf5 22. Nxf5 Qxf5 23. Bg4 Qg5 24. Bf3 Rgf8 25. Bg2 d5 26. Qb3 c6 27. Rac1 Rc8
28. Rc2 Bd8 29. Rfc1 Bb6 30. Rf1 h5 31. a4 h4 32. a5 Bd4 33. a6 b6 34. Rxc6
Rxc6 35. Qxd5 Rfc8 36. Qd7 R6c7 37. Qd5 Bxf2+ 38. Kh1 Rc6 39. Qd7 R8c7 40. Qe8+
Rc8 41. Qd7 R6c7 42. Qd5 1/2-1/2

[Event "Cto Aragón Eq Play-off Preferente"]
[Site "Aragón"]
[Date "2016.02.13"]
[Round "3.37"]
[White "Accattato Martin, Nicola"]
[Black "Fernandez Rubio, Rafael"]
[Result "1/2-1/2"]
[WhiteElo "2000"]
[BlackElo "2042"]
[PlyCount "65"]
[EventDate "2016.04.09"]
[WhiteTeam "Monsalud"]
[BlackTeam "Tauste"]

1. e4 d6 2. d4 Nf6 3. Nc3 Nbd7 4. Bc4 e5 5. Nf3 Be7 6. O-O O-O 7. h3 c6 8. a4
b6 9. Qe2 a6 10. d5 cxd5 11. Bxd5 Nxd5 12. Nxd5 Bb7 13. Rd1 Bxd5 14. Rxd5 Qc7
15. b3 Nf6 16. Rd1 Qc6 17. Bg5 h6 18. Bxf6 Bxf6 19. c4 Be7 20. g4 g6 21. Rd5 f5
22. exf5 gxf5 23. Nd4 exd4 24. Qxe7 Rae8 25. Qxd6 Qxd6 26. Rxd6 fxg4 27. Rxd4
gxh3 28. Rg4+ Kh7 29. Rg3 Re2 30. Rd1 Rexf2 31. Rd7+ R8f7 32. Rxf7+ Rxf7 33.
Kh2 1/2-1/2

[Event "Cto Aragón Eq Play-off Preferente"]
[Site "Aragón"]
[Date "2016.02.13"]
[Round "3.38"]
[White "Sancho Casale, Jesus"]
[Black "Lacruz Algarate, Alvaro"]
[Result "0-1"]
[WhiteElo "1997"]
[BlackElo "1986"]
[PlyCount "128"]
[EventDate "2016.04.09"]
[WhiteTeam "Tauste"]
[BlackTeam "Monsalud"]

1. e4 c5 2. Nf3 e6 3. d4 cxd4 4. Nxd4 a6 5. Nc3 Qc7 6. Be2 Nf6 7. O-O d6 8. a4
b6 9. f4 Bb7 10. Bf3 Nbd7 11. Nd5 exd5 12. exd5 Be7 13. Re1 Kf8 14. Ra3 Nxd5
15. Bxd5 Bxd5 16. Nf5 Be6 17. Nxe7 Kxe7 18. Rc3 Qb7 19. f5 Rhe8 20. Bf4 Ne5 21.
fxe6 Kxe6 22. Qg4+ f5 23. Qg3 Kf6 24. Bxe5+ Rxe5 25. Rxe5 dxe5 26. Qh4+ Kf7 27.
Qxh7 Qd7 28. Rd3 Qe6 29. Rg3 Qf6 30. Rc3 Rd8 31. Rc7+ Ke6 32. Rc6+ Rd6 33. Qg8+
Ke7 34. Rc7+ Rd7 35. Qb8 Qd6 36. Rxd7+ Kxd7 37. Qb7+ Ke6 38. Qc8+ Kf6 39. Qc3
Qd4+ 40. Qxd4 exd4 41. Kf2 Ke5 42. Kf3 f4 43. h4 Kf5 44. h5 b5 45. axb5 axb5
46. b4 Ke5 47. Kg4 Ke4 48. Kg5 Ke3 49. Kf5 Kd2 50. Ke4 Kxc2 51. Kxd4 Kb3 52.
Ke4 Kxb4 53. Kxf4 Kc4 54. Kg5 b4 55. Kg6 b3 56. Kxg7 b2 57. g4 b1=Q 58. h6 Qb7+
59. Kg6 Qc6+ 60. Kh5 Qh1+ 61. Kg6 Qe4+ 62. Kh5 Qe8+ 63. Kh4 Qg6 64. g5 Kd5 0-1

[Event "Cto Aragón Eq Play-off Preferente"]
[Site "Aragón"]
[Date "2016.02.13"]
[Round "3.39"]
[White "Soriano Gracia, Manuel"]
[Black "Bogomilov Georgiev, Georgi Ii"]
[Result "1-0"]
[WhiteElo "1856"]
[BlackElo "1953"]
[PlyCount "73"]
[EventDate "2016.04.09"]
[WhiteTeam "Monsalud"]
[BlackTeam "Tauste"]

1. e4 d5 2. exd5 Nf6 3. Nc3 Nxd5 4. Bc4 Nb6 5. Bb3 Nc6 6. Nge2 Bg4 7. f3 Bd7 8.
a3 e6 9. d3 Be7 10. Be3 O-O 11. Qd2 Na5 12. Ba2 c5 13. Ne4 Nd5 14. Bxc5 b6 15.
Bxe7 Qxe7 16. O-O Rac8 17. c3 Rfd8 18. Rfe1 Nf6 19. Qg5 Ba4 20. Nf4 h6 21.
Nxf6+ Qxf6 22. Qxf6 gxf6 23. d4 Nc4 24. b3 Nxa3 25. bxa4 Nc2 26. Ne2 Nxe1 27.
Rxe1 Kf8 28. Kf2 Ke7 29. Ke3 Rg8 30. g3 Rg5 31. c4 Ra5 32. Bb3 a6 33. Nc3 b5
34. c5 bxa4 35. Bxa4 Rb8 36. Kd3 Rb4 37. Nd5+ 1-0

[Event "Cto Aragón Eq Play-off Preferente"]
[Site "Aragón"]
[Date "2016.02.13"]
[Round "3.40"]
[White "Muro Turon, Raul"]
[Black "Moreno Martin-Viveros, Alvaro"]
[Result "1/2-1/2"]
[WhiteElo "1909"]
[BlackElo "1777"]
[PlyCount "109"]
[EventDate "2016.04.09"]
[WhiteTeam "Tauste"]
[BlackTeam "Monsalud"]

1. e4 c6 2. d4 d5 3. f3 dxe4 4. fxe4 e5 5. Nf3 Be6 6. Nc3 Bb4 7. Be3 Nf6 8. Bd3
Ng4 9. Qe2 Nd7 10. O-O O-O 11. Kh1 Qc7 12. Bg1 Ngf6 13. a3 Be7 14. Rad1 g6 15.
Bc4 Bxc4 16. Qxc4 Rac8 17. Qb3 a6 18. dxe5 Nxe5 19. Nxe5 Qxe5 20. Bd4 Qe6 21.
Qxe6 fxe6 22. Bb6 Rf7 23. Kg1 e5 24. h3 Rff8 25. g4 h6 26. Kg2 Kf7 27. Rd7 Ke6
28. Rxb7 Rb8 29. Rxe7+ Kxe7 30. Bc5+ Ke6 31. Bxf8 Rxf8 32. Rd1 Nd7 33. Na4 Rf4
34. Kg3 Rxe4 35. Rxd7 Rxa4 36. Rg7 Kf6 37. Rc7 Rc4 38. c3 a5 39. Kf3 Rc5 40.
Ke4 Ke6 41. h4 Kd6 42. Rg7 Rc4+ 43. Kf3 Rf4+ 44. Kg3 Rf6 45. g5 hxg5 46. hxg5
Re6 47. Kf3 Kc5 48. Rf7 e4+ 49. Ke3 Re5 50. b4+ axb4 51. cxb4+ Kb6 52. a4 Rxg5
53. Kxe4 Rg4+ 54. Rf4 Rxf4+ 55. Kxf4 1/2-1/2

[Event "Cto Aragón Eq Play-off Preferente"]
[Site "Aragón"]
[Date "2016.02.13"]
[Round "3.41"]
[White "Sanmartin Agustin, Borja"]
[Black "Jaques Burguete, Raul"]
[Result "0-1"]
[WhiteElo "2016"]
[BlackElo "2011"]
[PlyCount "94"]
[EventDate "2016.04.09"]
[WhiteTeam "El Olivar C"]
[BlackTeam "St. Casablanca D"]

1. e4 Nc6 2. Nf3 d5 3. exd5 Qxd5 4. Nc3 Qa5 5. Bb5 Bd7 6. Qe2 Nf6 7. d4 a6 8.
Bd2 axb5 9. Nxb5 Qb6 10. Bf4 Nd5 11. Bxc7 Nxc7 12. Nd6+ Kd8 13. Nxf7+ Ke8 14.
Nxh8 Qxb2 15. O-O Rxa2 16. Rab1 Qxc2 17. Qxc2 Rxc2 18. Rxb7 Nd8 19. Rb8 Nce6
20. Ne5 Bc8 21. d5 Nd4 22. Nc6 N4xc6 23. Rxc8 Nb4 24. Rxc2 Nxc2 25. Rc1 Nb4 26.
Rc8 Nxd5 27. Nf7 Kxf7 28. Rxd8 e6 29. f3 Bc5+ 30. Kh1 Kf6 31. h3 h5 32. Kh2 Kf5
33. Rd7 g5 34. Rf7+ Ke5 35. Rh7 Nf6 36. Rg7 Be3 37. g3 h4 38. Rb7 Bf2 39. gxh4
gxh4 40. Rb4 Bg3+ 41. Kg2 Nd5 42. Re4+ Kf5 43. Ra4 Nf4+ 44. Kh1 Nxh3 45. Kg2
Nf4+ 46. Kh1 Nd3 47. Kg2 Ne1+ 0-1

[Event "Cto Aragón Eq Play-off Preferente"]
[Site "Aragón"]
[Date "2016.02.13"]
[Round "3.42"]
[White "Antonano Fedz-Quincoces, Aveli"]
[Black "De La Riva Fernandez, Eduardo"]
[Result "1-0"]
[WhiteElo "2006"]
[BlackElo "1922"]
[PlyCount "135"]
[EventDate "2016.04.09"]
[WhiteTeam "St. Casablanca D"]
[BlackTeam "El Olivar C"]

1. e4 e6 2. d4 d5 3. Nd2 Nf6 4. Bd3 Be7 5. Ngf3 b6 6. O-O O-O 7. exd5 exd5 8.
Re1 Ba6 9. Bxa6 Nxa6 10. Qe2 Nb4 11. Qxe7 Nxc2 12. Qxd8 Rfxd8 13. Nb3 c5 14.
dxc5 Nxa1 15. Nxa1 bxc5 16. Bg5 Rd6 17. Bxf6 Rxf6 18. Nb3 Rc6 19. Re5 Rd8 20.
Re7 c4 21. Nc1 f6 22. Nd4 c3 23. bxc3 Rxc3 24. Ncb3 Rdc8 25. Kf1 R3c7 26. Rxc7
Rxc7 27. Ke2 Kf7 28. Kd3 a6 29. Nc2 Rc4 30. a3 g6 31. Nb4 Ke6 32. Nxa6 Kd6 33.
Nb4 Ke5 34. g3 Ke6 35. Nc2 Kd6 36. Nd2 Rc8 37. Nf3 Rc4 38. Nd2 Rc8 39. Nb1 Ke5
40. Nc3 Rc6 41. Nb4 Rc8 42. Nbxd5 g5 43. a4 Ra8 44. Kc4 h5 45. Nb6 Ra7 46. Ncd5
h4 47. Kb5 hxg3 48. hxg3 f5 49. f4+ gxf4 50. gxf4+ Kd4 51. a5 Ke4 52. a6 Kd4
53. Nc8 Rxa6 54. Kxa6 Kxd5 55. Ne7+ Ke6 56. Ng6 Kf6 57. Nh4 Ke6 58. Kb6 Kf6 59.
Kc6 Ke6 60. Ng2 Ke7 61. Kd5 Kf6 62. Kd6 Kf7 63. Ke5 Ke7 64. Kxf5 Kf7 65. Ne3
Kg7 66. Ke6 Kg8 67. f5 Kf8 68. f6 1-0

[Event "Cto Aragón Eq Play-off Preferente"]
[Site "Aragón"]
[Date "2016.02.13"]
[Round "3.43"]
[White "Hernandez Delgado, Gabriel"]
[Black "Solanas Godes, Beatriz"]
[Result "1-0"]
[WhiteElo "1905"]
[BlackElo "1849"]
[PlyCount "93"]
[EventDate "2016.04.09"]
[WhiteTeam "El Olivar C"]
[BlackTeam "St. Casablanca D"]

1. Nf3 Nc6 2. d3 d5 3. Nbd2 Nf6 4. g3 e5 5. e4 dxe4 6. dxe4 a6 7. Bg2 Bg4 8. h3
Bxf3 9. Qxf3 Nd4 10. Qd1 Ne6 11. O-O Be7 12. Re1 O-O 13. Bf1 b5 14. a4 c6 15.
c3 Nc5 16. axb5 axb5 17. Rxa8 Qxa8 18. b4 Ncd7 19. Nf3 Rd8 20. Qc2 Qa4 21. Qb2
Ra8 22. Bd2 Qa2 23. Qxa2 Rxa2 24. c4 bxc4 25. Bxc4 Ra4 26. Bb3 Ra3 27. Re3 Ra1+
28. Kg2 Ra8 29. Bc3 Rb8 30. Nxe5 Nxe5 31. Bxe5 Rxb4 32. Bxf6 Bxf6 33. e5 Be7
34. Rf3 c5 35. Bxf7+ Kh8 36. Re3 g6 37. f4 Rb7 38. Be6 Kg7 39. g4 Rb6 40. f5
Rb2+ 41. Kf3 gxf5 42. gxf5 Kf8 43. Ke4 Rb4+ 44. Kf3 Rb7 45. f6 Bd8 46. Ke4 Rb4+
47. Kf5 1-0

[Event "Cto Aragón Eq Play-off Preferente"]
[Site "Aragón"]
[Date "2016.02.13"]
[Round "3.44"]
[White "Gasca Uson, Miguel"]
[Black "Sarto Ramos, Angel"]
[Result "1/2-1/2"]
[WhiteElo "1369"]
[BlackElo "1880"]
[PlyCount "93"]
[EventDate "2016.04.09"]
[WhiteTeam "St. Casablanca D"]
[BlackTeam "El Olivar C"]

1. d4 g6 2. c4 Bg7 3. Nf3 Nf6 4. Nc3 d5 5. e3 c6 6. Bd3 O-O 7. O-O b6 8. cxd5
cxd5 9. Re1 Bb7 10. b3 Ne4 11. Bxe4 dxe4 12. Ng5 e5 13. Ngxe4 exd4 14. exd4
Qxd4 15. Qxd4 Bxd4 16. Bh6 Bg7 17. Bxg7 Kxg7 18. Nb5 a6 19. Nbd6 Bxe4 20. Rxe4
Nd7 21. Rae1 Nf6 22. Re7 Rad8 23. Ne4 Rfe8 24. Rxe8 Rxe8 25. f3 Nxe4 26. Rxe4
Rxe4 27. fxe4 Kf6 28. Kf2 Ke5 29. Ke3 h5 30. g3 g5 31. a3 h4 32. Kd3 f5 33.
exf5 Kxf5 34. gxh4 gxh4 35. Ke3 Kg4 36. Kf2 Kh3 37. Kg1 a5 38. a4 Kg4 39. Kf2
Kf4 40. h3 Ke4 41. Ke2 Kd4 42. Kd2 Ke4 43. Ke2 Kd4 44. Kd2 Kc5 45. Kc3 b5 46.
axb5 Kxb5 47. Kc2 1/2-1/2

[Event "Cto Aragón Eq Play-off Preferente"]
[Site "Aragón"]
[Date "2016.02.13"]
[Round "3.45"]
[White "Hinojar Basa, Alfonso"]
[Black "Cifuentes Parada, Roberto"]
[Result "1/2-1/2"]
[WhiteElo "2196"]
[BlackElo "2469"]
[PlyCount "131"]
[EventDate "2016.04.09"]
[WhiteTeam "Marcos Frechin"]
[BlackTeam "Jaque"]

1. e4 c5 2. Nf3 e6 3. d4 cxd4 4. Nxd4 Nf6 5. Bd3 Nc6 6. Nxc6 dxc6 7. O-O e5 8.
Nd2 Bg4 9. Qe1 Bc5 10. Nc4 Qe7 11. Be3 Nd7 12. a4 f6 13. a5 O-O 14. c3 b5 15.
axb6 axb6 16. b4 Bxe3 17. Nxe3 Be6 18. Bc4 Bxc4 19. Nxc4 Qe6 20. Qe2 b5 21. Na5
Nb6 22. Rfd1 Na4 23. Rd3 Rfd8 24. Rad1 Rxd3 25. Rxd3 c5 26. Qd2 cxb4 27. cxb4
Rc8 28. h3 h5 29. Rd6 Qf7 30. Nc6 Kh7 31. Qd5 Qxd5 32. exd5 Nc3 33. Ne7 Rc7 34.
Nf5 g6 35. Ne3 Kg7 36. g3 f5 37. Re6 f4 38. gxf4 exf4 39. d6 Rd7 40. Nc2 Kf7
41. Nd4 Nd5 42. Kg2 Nxb4 43. Re4 Nd5 44. Nxb5 Kf6 45. h4 Kf7 46. Re5 Nf6 47.
Kf3 Ne8 48. Kxf4 Ng7 49. Ke4 Rb7 50. Nd4 Ra7 51. f4 Ne8 52. Nb5 Ra4+ 53. Kd5
Rxf4 54. Re7+ Kf8 55. Ke6 Re4+ 56. Kd7 Nxd6 57. Rxe4 Nxe4 58. Ke6 Kg7 59. Nd4
Ng3 60. Ke5 Kf7 61. Kf4 Nf1 62. Kg5 Nd2 63. Kh6 Kf6 64. Ne2 Nf3 65. Nf4 Nxh4
66. Nxg6 1/2-1/2

[Event "Cto Aragón Eq Play-off Preferente"]
[Site "Aragón"]
[Date "2016.02.13"]
[Round "3.46"]
[White "Gonzalez Gambau, Jorge"]
[Black "Ciriano Lamban, Alejandro"]
[Result "1-0"]
[WhiteElo "2126"]
[BlackElo "2004"]
[PlyCount "59"]
[EventDate "2016.04.09"]
[WhiteTeam "Jaque"]
[BlackTeam "Marcos Frechin"]

1. e4 e5 2. Nf3 Nc6 3. Nc3 Nf6 4. g3 Bc5 5. Bg2 O-O 6. Nxe5 Re8 7. Nxc6 dxc6 8.
O-O Bg4 9. Qe1 Qd7 10. d3 Bh3 11. Be3 Re5 12. f3 Rh5 13. Rf2 Bd6 14. d4 Bb4 15.
a3 Ba5 16. b4 Bb6 17. Ne2 g5 18. c4 Bxg2 19. Kxg2 g4 20. Nf4 gxf3+ 21. Rxf3 Rh6
22. c5 Nxe4 23. Rd1 Ng5 24. Rf2 a5 25. cxb6 axb4 26. Qxb4 Re8 27. Re1 Re4 28.
bxc7 Rxf4 29. Bxf4 Qh3+ 30. Kh1 1-0

[Event "Cto Aragón Eq Play-off Preferente"]
[Site "Aragón"]
[Date "2016.02.13"]
[Round "3.47"]
[White "De Pablo Zuniga, Hector Luis"]
[Black "Uldemolins Nivela, Mateo"]
[Result "0-1"]
[WhiteElo "1975"]
[BlackElo "1922"]
[PlyCount "78"]
[EventDate "2016.04.09"]
[WhiteTeam "Marcos Frechin"]
[BlackTeam "Jaque"]

1. Nf3 d5 2. d3 Nf6 3. g3 g6 4. Nbd2 Bg7 5. Bg2 Nbd7 6. O-O O-O 7. e4 e5 8.
exd5 Nxd5 9. Nc4 Re8 10. Re1 b6 11. Nfxe5 Nxe5 12. Nxe5 Rxe5 13. Rxe5 Bxe5 14.
c4 Bb7 15. Qe2 Qd6 16. cxd5 Bxd5 17. Bxd5 Qxd5 18. Bh6 Rd8 19. Re1 f6 20. Bf4
Qxd3 21. Bxe5 Qxe2 22. Rxe2 fxe5 23. Rxe5 Rd2 24. Rb5 Kf7 25. Kg2 Ke6 26. Kf3
a6 27. Rb3 Ke5 28. Ke3 Rc2 29. h3 g5 30. a3 b5 31. Rc3 Rxc3+ 32. bxc3 c5 33. f3
a5 34. Kd3 h5 35. Ke3 h4 36. g4 b4 37. a4 b3 38. Kd2 c4 39. f4+ Kxf4 0-1

[Event "Cto Aragón Eq Play-off Preferente"]
[Site "Aragón"]
[Date "2016.02.13"]
[Round "3.48"]
[White "Escartin Lacasa, Jose"]
[Black "Moreno Martinez, Laura"]
[Result "1-0"]
[WhiteElo "1841"]
[BlackElo "1890"]
[PlyCount "105"]
[EventDate "2016.04.09"]
[WhiteTeam "Jaque"]
[BlackTeam "Marcos Frechin"]

1. d4 Nf6 2. Nf3 g6 3. Bf4 Bg7 4. e3 O-O 5. Be2 d6 6. O-O Nbd7 7. h3 c5 8. c4
b6 9. Nc3 Bb7 10. Qd2 Ne4 11. Nxe4 Bxe4 12. Rfd1 Qc7 13. Rac1 Nf6 14. Bh2 Bc6
15. Ne1 Rfc8 16. Bf3 Bxf3 17. Nxf3 Qd7 18. Qd3 Rab8 19. b3 b5 20. dxc5 Rxc5 21.
cxb5 Qxb5 22. Qxb5 Rbxb5 23. Nd4 Rb6 24. Rxc5 dxc5 25. Nf3 Ne4 26. Bf4 h6 27.
Rd8+ Kh7 28. Rd7 Nc3 29. Be5 Nxa2 30. Rxa7 Nb4 31. Rxe7 Nc6 32. Rxf7 Nxe5 33.
Nxe5 Kg8 34. Re7 Kf8 35. Nd7+ Kxe7 36. Nxb6 Kd6 37. Kf1 Kc6 38. Nc4 Kb5 39. Ke2
Kb4 40. Nd2 Bc3 41. Ne4 Bg7 42. Kd3 Bf8 43. Kc2 Bg7 44. Nd6 Bf8 45. Nc4 Bg7 46.
e4 h5 47. e5 Kb5 48. Kd3 Kb4 49. Kc2 Kb5 50. e6 Bf6 51. Ne5 g5 52. Kd3 Kb4 53.
e7 1-0

[Event "Cto Aragón Eq Play-off Preferente"]
[Site "Aragón"]
[Date "2016.02.13"]
[Round "3.49"]
[White "Hefty, Jorge W"]
[Black "Ainsa Claver, Ignacio"]
[Result "1-0"]
[WhiteElo "2352"]
[BlackElo "1954"]
[PlyCount "111"]
[EventDate "2016.04.09"]
[WhiteTeam "IberCaja B"]
[BlackTeam "Sabiñanigo"]

1. d4 Nf6 2. c4 e6 3. Nf3 Bb4+ 4. Bd2 Qe7 5. g3 b6 6. Bg2 Bb7 7. O-O Bxd2 8.
Qxd2 d6 9. Qc2 Nbd7 10. Nc3 O-O 11. e4 e5 12. Rfe1 a6 13. Rad1 Rac8 14. Bh3
Rcd8 15. Nd5 Nxd5 16. cxd5 Nb8 17. Qc3 Rfe8 18. Qa3 c5 19. dxe5 dxe5 20. Rc1
Rd6 21. Nd2 Rh6 22. Bg2 Nd7 23. Qe3 b5 24. a4 Rb6 25. axb5 Rxb5 26. Rc2 Rb8 27.
b3 Bc8 28. Rec1 h6 29. Bf1 Rb4 30. Rc3 Qg5 31. Ra1 Rd4 32. Ra2 Qxe3 33. Rxe3
Nf6 34. f3 Rdb4 35. Rc3 Nd7 36. Bh3 R4b5 37. Ra3 a5 38. Nc4 Nb6 39. Nd6 Nxd5
40. exd5 Bxh3 41. Nxb5 Rxb5 42. Ra4 Bd7 43. Rac4 Kf8 44. Rxc5 a4 45. Rxb5 Bxb5
46. Rc5 Bd7 47. b4 Ke7 48. Ra5 Kd6 49. Kf2 Kc7 50. Ke3 f5 51. f4 Kd6 52. h4 a3
53. Rxa3 exf4+ 54. Kxf4 Kxd5 55. Rd3+ Ke6 56. Rxd7 1-0

[Event "Cto Aragón Eq Play-off Preferente"]
[Site "Aragón"]
[Date "2016.02.13"]
[Round "3.50"]
[White "Avellanas Tomas, Jose"]
[Black "Jimenez Fernandez, Alejandro"]
[Result "1/2-1/2"]
[WhiteElo "1945"]
[BlackElo "1984"]
[PlyCount "84"]
[EventDate "2016.04.09"]
[WhiteTeam "Sabiñanigo"]
[BlackTeam "IberCaja B"]

1. e4 c6 2. d4 d5 3. exd5 cxd5 4. c3 Nf6 5. Bd3 Nc6 6. Nf3 Bg4 7. Bf4 e6 8.
Nbd2 Bd6 9. Bxd6 Qxd6 10. Qb3 O-O 11. O-O a6 12. Rfe1 b5 13. a3 Bxf3 14. Nxf3
Nd7 15. Rad1 Rfc8 16. Re3 Nb6 17. Ne5 Nxe5 18. Rxe5 Nc4 19. Re2 Rab8 20. Rc1 a5
21. Qa2 Qb6 22. Rec2 Rc7 23. g3 Rbc8 24. b3 Nd6 25. Qa1 g6 26. Qb2 Rc6 27. h4
h5 28. Kg2 Qb7 29. Kg1 R8c7 30. Kh2 Qc8 31. Kg2 Kf8 32. Kh2 Qa8 33. Kg1 Kg8 34.
Kh2 a4 35. b4 Nc4 36. Bxc4 Rxc4 37. f4 Qc8 38. Kg2 R4c6 39. Kf3 f6 40. Kg2 Kg7
41. Kh2 Kh7 42. Kg2 Kg7 1/2-1/2

[Event "Cto Aragón Eq Play-off Preferente"]
[Site "Aragón"]
[Date "2016.02.13"]
[Round "3.51"]
[White "Garcia Monterde, Francisco Jos"]
[Black "Climente Martinez, Jose Luis"]
[Result "0-1"]
[WhiteElo "1949"]
[BlackElo "1924"]
[PlyCount "77"]
[EventDate "2016.04.09"]
[WhiteTeam "IberCaja B"]
[BlackTeam "Sabiñanigo"]

1. c4 Nf6 2. g3 e6 3. Bg2 d5 4. d4 c6 5. b3 Ne4 6. Nf3 Bb4+ 7. Bd2 Nxd2 8.
Nbxd2 dxc4 9. bxc4 Bc3 10. Rc1 Bxd4 11. Ne4 Qa5+ 12. Kf1 Bc5 13. Nd6+ Ke7 14.
Nxc8+ Rxc8 15. Qc2 Nd7 16. Qxh7 Rg8 17. Qc2 Rad8 18. h4 Nf6 19. Bh3 Rd6 20. Kg2
Rgd8 21. Rhe1 Kf8 22. a4 Bb4 23. Red1 Qc7 24. Kg1 Qd7 25. Rxd6 Qxd6 26. Bf1 Bc5
27. e3 Ng4 28. Qe2 Nh6 29. Rc3 Nf5 30. Rd3 Qc7 31. Qd2 Rd6 32. Rxd6 Nxd6 33.
Qc2 Nf5 34. Kh2 Bd6 35. Qe4 Bxg3+ 36. fxg3 Nxg3 37. Qd3 Nxf1+ 38. Kg2 Ng3 39.
Ne5 $138 0-1

[Event "Cto Aragón Eq Play-off Preferente"]
[Site "Aragón"]
[Date "2016.02.13"]
[Round "3.52"]
[White "Garcia Estruch, Jorge"]
[Black "Millan Martin, Alfonso"]
[Result "1/2-1/2"]
[WhiteElo "1883"]
[BlackElo "1750"]
[PlyCount "126"]
[EventDate "2016.04.09"]
[WhiteTeam "Sabiñanigo"]
[BlackTeam "IberCaja B"]

1. e4 d5 2. exd5 Qxd5 3. Nc3 Qd8 4. d4 Nf6 5. Nf3 Bg4 6. Be3 c6 7. Bc4 e6 8. a3
Nbd7 9. Be2 Qc7 10. Qd2 Bd6 11. h3 Bh5 12. O-O O-O 13. Rfe1 Nd5 14. Ne4 Nxe3
15. fxe3 Be7 16. Rf1 Rad8 17. Qe1 c5 18. c3 Bg6 19. Ned2 cxd4 20. exd4 Bd6 21.
Bc4 e5 22. dxe5 Nxe5 23. Nxe5 Bxe5 24. Ba2 Bg3 25. Qe3 Rfe8 26. Qg5 Qe5 27. Nf3
Qe3+ 28. Kh1 Qxg5 29. Nxg5 Rd7 30. Rad1 Rxd1 31. Rxd1 Re1+ 32. Rxe1 Bxe1 33.
Nf3 Bf2 34. Ne5 Be3 35. b4 Bc1 36. Bd5 Bb2 37. Bxb7 Bxc3 38. Nc6 Bb2 39. a4 Bc2
40. a5 Kf8 41. Nxa7 Bc3 42. Nc6 Be4 43. a6 Bxc6 44. Bxc6 Bd4 45. g3 Ke7 46. Kg2
Kd6 47. b5 f5 48. Kf3 g5 49. Ke2 f4 50. Kf3 fxg3 51. Kxg3 Kc7 52. Kg4 Kb6 53.
Kxg5 Be3+ 54. Kf5 h6 55. h4 Bf2 56. h5 Bg1 57. Ke6 Kc7 58. Kf6 Kb6 59. Ke7 Kc7
60. Ke6 Kb6 61. Ke5 Kc7 62. Kd5 Bf2 63. Kc4 Kb6 1/2-1/2

[Event "Cto Aragon Equipos 2016 Pref Gr II"]
[Site "Aragon"]
[Date "2016.02.13"]
[Round "3.53"]
[White "Goni Navarro, Pablo"]
[Black "Fontana Sotomayor, Luis Javier"]
[Result "1-0"]
[WhiteElo "2060"]
[BlackElo "2315"]
[PlyCount "113"]
[EventDate "2016.01.30"]
[WhiteTeam "St. Casablanca C"]
[BlackTeam "Jaime Casas B"]

1. c4 f5 2. d4 Nf6 3. g3 e6 4. Bg2 d5 5. Nf3 c6 6. O-O Bd6 7. Nc3 O-O 8. Qc2
Ne4 9. Rb1 Qe7 10. a3 b6 11. Bf4 Bxf4 12. gxf4 Rf6 13. cxd5 Nxc3 14. Qxc3 exd5
15. Ne5 Bb7 16. b4 Na6 17. Rfc1 Rd6 18. a4 Rc8 19. Qd3 Nc7 20. b5 cxb5 21. axb5
Ra8 22. Ra1 Ne6 23. e3 Qf6 24. Bh3 g6 25. Rc3 Qh4 26. Bg2 g5 27. Qxf5 Rf8 28.
Qh3 Qxh3 29. Bxh3 gxf4 30. Bxe6+ Rxe6 31. Rxa7 Re7 32. exf4 Rxf4 33. Rg3+ Kh8
34. Nc6 Rd7 35. Raa3 Rc7 36. Rac3 Bc8 37. Rcf3 Rcf7 38. Ne5 Rxf3 39. Nxf3 Rf4
40. Ne5 Be6 41. Nc6 Bf7 42. Kg2 Bg6 43. Re3 Rf7 44. Ne5 Rf4 45. Nxg6+ hxg6 46.
Re6 Kg7 47. Rxb6 Rxd4 48. Rb7+ Kf6 49. b6 Rb4 50. Rb8 d4 51. b7 Kg7 52. Kf3
Rb3+ 53. Ke2 Kh7 54. Kd2 Kg7 55. Kc2 Rc3+ 56. Kb2 Rc7 57. Rg8+ 1-0